000 00465nam a2200169Ia 4500
003 GCL
008 140319s9999 xx 000 0 eng d
040 _aGCL /
_cGCL
082 0 4 _a621.8
_bS T
100 1 _aSHIGLEY, JOSEPH EDWARD
245 1 0 _aTHEORY OF MACHINE AND MECHANISMS /
_cSHIGLEY, JOSEPH EDWARD
700 1 _aUICKER, JOHN JOSEPH
260 _a[S.N] :
_bMC GRAW - HILL ،
_c1995
300 _a719 P
650 0 4 _aMECHANICS ENGINEERING
942 _2ddc
_cBK
999 _c23895
_d23895